Madonna's UK Singles Chart History - Statistics

General Stats
  • This quiz has been taken 13 times
    3 since last reset
  • The average score is 12 of 84
Answer Stats
Peak Position Song Weeks On Chart Debut Date % Correct
#1 Hung Up 40 Nov 19th 2005
100%
#1 Music 24 Sep 2nd 2000
100%
#2 American Life 18 Apr 26th 2003
50%
#57 American Life (Import) 1 Apr 19th 2003
50%
#1 American Pie 18 Mar 11th 2000
50%
#2 Beautiful Stranger 16 Jun 19th 1999
50%
#4 Bedtime Story 13 Feb 25th 1995
50%
#29 Bring Your Love 1 May 14th 2026
50%
#4 Don't Tell Me 11 Dec 9th 2000
50%
#1 Frozen 13 Mar 7th 1998
50%
#2 Hollywood 7 Jul 19th 2003
50%
#90 I Feel So Free 1 Apr 30th 2026
50%
#1 Into The Groove 21 Jul 27th 1985
50%
#99 Into The Groove/Who's That Girl 1 May 27th 1989
50%
#1 Like A Prayer 19 Mar 18th 1989
50%
#3 Like A Virgin 18 Nov 17th 1984
50%
#39 Miles Away 2 Dec 6th 2008
50%
#10 Popular 35 Jun 15th 2023
50%
#3 Rescue Me 9 Mar 9th 1991
50%
#1 Sorry 19 Mar 4th 2006
50%
#6 The Power Of Goodbye/Little Star 11 Dec 5th 1998
50%
#1 Vogue 14 Apr 7th 1990
50%
#1 4 Munites 29 Mar 29th 2008
0%
#5 Angel 12 Sep 21st 1985
0%
#7 Another Suitcase In Another Hall 8 Mar 29th 1997
0%
#10 Bad Girl 7 Mar 6th 1993
0%
#56 Borderline 5 Jun 2nd 1984
0%
#2 Borderline (1986) 9 Jan 25th 1986
0%
#4 Causing A Commotion 9 Sep 19th 1987
0%
#3 Celebration 7 Sep 26th 2009
0%
#3 Cherish 8 Sep 16th 1989
0%
#2 Crazy For You 15 Jun 8th 1985
0%
#2 Crazy For You (1991) 8 Mar 2nd 1991
0%
#5 Dear Jessie 9 Dec 16th 1989
0%
#6 Deeper And Deeper 9 Dec 12th 1992
0%
#3 Die Another Day 17 Nov 9th 2002
0%
#93 Die Another Day 1 Nov 2nd 2002
0%
#3 Don't Cry For Me Argentina 13 Dec 28th 1996
0%
#5 Dress You Up 13 Dec 7th 1985
0%
#10 Drowned World (Substitute For Love) 9 Sep 5th 1998
0%
#3 Erotica 9 Oct 17th 1992
0%
#5 Express Yourself 10 Jun 3rd 1989
0%
#6 Fever 6 Apr 3rd 1993
0%
#4 Gambler 14 Oct 12th 1985
0%
#7 Get Together 9 Jul 29th 2006
0%
#73 Girl Gone Wild 1 May 26th 2012
0%
#7 Give It 2 Me 23 May 10th 2008
0%
#37 Give Me All Your Luvin' 4 Feb 18th 2012
0%
#2 Hanky Panky 9 Jul 21st 1990
0%
#6 Holiday 11 Jan 14th 1984
0%
#2 Holiday (1985) 10 Aug 3rd 1985
0%
#5 Holiday (1991) 7 Jun 8th 1991
0%
#8 Human Nature 6 Aug 26th 1995
0%
#7 I'll Remember 10 Apr 2nd 1994
0%
#9 Jump 7 Nov 11th 2006
0%
#2 Justify My Love 10 Dec 8th 1990
0%
#1 La Isla Bonita 11 Apr 4th 1987
0%
#2 Live To Tell 13 Apr 26th 1986
0%
#26 Living For Love 4 Mar 7th 2015
0%
#11 Love Profusion 6 Dec 20th 2003
0%
#14 Lucky Star 9 Mar 17th 1984
0%
#83 Lucky Star (1986) 2 Jun 21st 1986
0%
#68 Masterpiece 2 Apr 7th 2012
0%
#3 Material Girl 10 Mar 2nd 1985
0%
#2 Me Against The Music 15 Nov 22nd 2003
0%
#87 Medellin 1 May 2nd 2019
0%
#7 Nothing Really Matters 12 Mar 13th 1999
0%
#16 Oh Father 10 Jan 6th 1996
0%
#11 One More Chance 5 Mar 23rd 1996
0%
#4 Open Your Heart 9 Dec 13th 1986
0%
#1 Papa Don't Preach 15 Jun 28th 1986
0%
#91 Power Of Goodbye 2 Oct 17th 1998
0%
#7 Rain 8 Jul 31st 1993
0%
#2 Ray Of Light 18 May 9th 1998
0%
#5 Secret 10 Oct 8th 1994
0%
#16 Take A Bow 9 Dec 17th 1994
0%
#9 The Look Of Love 7 Dec 12th 1987
0%
#3 This Used To Be My Playground 9 Jul 25th 1992
0%
#1 True Blue 15 Oct 4th 1986
0%
#69 Vulgar 1 Jun 22nd 2023
0%
#7 What It Feels Like For A Girl 12 Apr 28th 2001
0%
#1 Who's That Girl 10 Jul 18th 1987
0%
#5 You'll See Me 14 Nov 4th 1995
0%
#10 You Must Love Me 9 Nov 2nd 1996
0%
No matching quizzes found
Score Distribution
Percent of People with Each Score
Percentile by Number Answered
Your Score History
You have not taken this quiz since the last reset